[Event "74th ch-BUL"]
[Site "Kyustendil BUL"]
[Date "2010.04.17"]
[Round "13"]
[White "Berbatov,K"]
[Black "Petkov,V"]
[Result "0-1"]
[WhiteElo "2481"]
[BlackElo "2484"]
[EventDate "2010.04.07"]

1. e4 e5 2. Nf3 Nc6 3. Bb5 Nf6 4. O-O Nxe4 5. d4 Nd6 6. dxe5 Nxb5 7. a4
Nbd4 8. Nxd4 Nxd4 9. Qxd4 d5 10. Qd3 c6 11. a5 Qd7 12. Be3 Be7 13. Nd2 Qf5
14. Qc3 Qg6 15. f3 O-O 16. Nb3 Bf5 17. Rf2 Rfe8 18. g4 h5 19. h3 hxg4 20.
hxg4 Be6 21. Rg2 Bf8 22. Rf1 f5 23. exf6 Qxf6 24. Bd4 Qf4 25. a6 Qc7 26.
axb7 Qxb7 27. Bc5 Bxc5+ 28. Nxc5 Qb5 29. f4 Bf7 30. f5 Qc4 31. g5 d4 32.
Qxc4 Bxc4 33. Rf4 Re1+ 34. Kf2 Rae8 35. Rxd4 Rf1+ 36. Kg3 Bd5 37. Rxd5 cxd5
38. Kg4 Re5 39. Nd3 Re4+ 40. Kh5 Rxf5 41. Kg6 Rf3 42. Rg1 Re6+ 43. Kh5 g6+
44. Kg4 Rf5 45. Ra1 Re4+ 46. Kh3 Rf3+ 47. Kg2 Rf7 48. Kg3 Re3+ 49. Kg4 Re2
0-1

[Event "74th ch-BUL"]
[Site "Kyustendil BUL"]
[Date "2010.04.17"]
[Round "13"]
[White "Iotov,V"]
[Black "Radulski,J"]
[Result "1-0"]
[WhiteElo "2568"]
[BlackElo "2592"]
[EventDate "2010.04.07"]

1. c4 e6 2. Nf3 d5 3. b3 Nf6 4. g3 c5 5. Bg2 Nc6 6. O-O d4 7. e3 e5 8. exd4
exd4 9. d3 Be7 10. Re1 O-O 11. Na3 Bg4 12. h3 Bh5 13. Bf4 Bd6 14. Bxd6 Qxd6
15. Qd2 Bxf3 16. Bxf3 Rfe8 17. Nc2 Qd7 18. Bg2 h6 19. b4 cxb4 20. Nxb4 Rac8
21. Nxc6 bxc6 22. Qa5 c5 23. Rab1 Qf5 24. Rxe8+ Rxe8 25. Bf1 Nd7 26. Qxa7
Ne5 27. Rb8 Rxb8 28. Qxb8+ Kh7 29. Qb2 g5 30. Qe2 Kg7 31. a4 f6 32. a5 Qc8
33. Bg2 Qa6 34. f4 Ng6 35. Qe8 Qxa5 36. Bd5 h5 37. Bf7 Qa1+ 38. Kf2 Qb2+
39. Kf3 Qb7+ 40. Bd5 Qb1 41. Qf7+ Kh6 42. Ke4 gxf4 43. Kf5 Qxd3+ 44. Kxf6
1-0